Quiz Big Mom - One Piece - Statistiques

Statistiques générales
  • Ce quiz a été pris 336 fois
    334 depuis la dernière actualisation
  • Le résultat moyen est 7 sur 10
Statistiques - réponses
Question Réponse % Correct
Quelle est le nom de femme qui s'est occupé de Big Mom après son abandon ? Mother Caramel
100%
Quelle personne est la première à avoir survécu au Life or X ? Jinbe
92%
Comment s'appelle l'archipel d'îles que possède Big Mom ? Totto Land
92%
Comment s'appelle la capital de l'archipel que Big Mom possède ? Whole Cake Island
92%
Quelle est le vrai nom de Big Mom ? Charlotte Linlin
88%
Quelle est le fruit du démon de Big Mom ? Soru Soru no mi
65%
Grâce à quoi Nami fait fuir les Homies de Big Mom ? Grâce au Vivre card de Big Mom
58%
Comment s'appellent le chapeau, le soleil et le nuage qui accompagnent Big Mom à la suite du vol du premier nuage ? Napoléon, Prométhée, Héra
58%
Quelle est la prime de Kaido ? 4 388 000 000 berry
50%
Lequelle de ses filles et fils possède le fruit du démon du Bata Bata no mi ? Galette
35%
Aucun quiz correspondant
Distribution des résultats
% des personnes avec chaque résultat
Percentile par nombre de réponses
Votre historique - résultats
Vous n’avez pas pris ce quiz depuis la dernière actualisation